| 000 | 02409nam a22002897a 4500 | ||
|---|---|---|---|
| 005 | 20250728095128.0 | ||
| 008 | 220224b ||||| |||| 00| 0 eng d | ||
| 020 | _a9789351306870 | ||
| 040 | _cAloy | ||
| 041 | _aeng | ||
| 082 |
_223 _a591.6 _bRATA |
||
| 100 |
_aAshok K Rathoure...[et. al] _9220421 |
||
| 245 |
_aApplied and Economic Zoology _b: A Textbook of Zoological Science |
||
| 260 |
_aNew Delhi _bDaya Publishing House _c2021 |
||
| 300 |
_aviii,310p _bHB _c24x16cm |
||
| 365 |
_2Zoologoy _aMLSH21CRB335 _b1836.00 _c₹ _d2295.00 _e20% _f20-02-2022 |
||
| 520 | _aRecently Applied and Economic Zoology has been included in national syllabus by UGC for undergraduates. The book examines insect pests, animal pests, natural enemies, beneficial insects, beneficial animals, agricultural chemicals and more. The current book is blueprint for undergraduate students to aware about our natural wild life and its economic importance. The book contains four chapters with illustrations and boxed materials. In the chapter 1, we have covered parasitology, in which we have deliberately discussed about parasites of domestic animals and human, structures, life cycles, pathogenicity, diseases, symptoms and it control. In chapter 2, we consciously talk about vectors and pests. Here, we covered life cycle and control of pest and vectors such as Gundhi bug, Sugarcane leafhopper, Rodents, Termites and Mosquitoes. Chapter 3 is about animal breeding and animal cultures. In this, we stared with basic introduction about breeding and culture, difference between them and then detailed discussion about Animals and Human Society, Animal Breeding, Genetic engineering applications in Animal Breeding, Breeding and Variation, Aquaculture, Pisciculture, Poultry farming, Sericulture, Apiculture, Lac-culture. The last chapter has wild life of India. In this chapter we provided detail for Wild Life Protection and Acts, Documentation of Wild Life, Rare, Endangered and Endemic species, Protected Area Network, Conservation of Wild Life, In-situ and Ex-situ conservation. | ||
| 650 |
_aEconomic Zoology _921860 |
||
| 650 |
_aParasitology _921861 |
||
| 650 |
_aVectors and Pests _921862 |
||
| 650 |
_aAnimal Breeding and Culture _921863 |
||
| 650 |
_aWild Life of India _921864 |
||
| 700 |
_aDeshmukh, Nazneen Z _921866 |
||
| 700 |
_aKumar, Dinesh _921867 |
||
| 700 |
_aGoswami, Rachna _921868 |
||
| 942 |
_2ddc _cREF |
||
| 999 |
_c221602 _d221602 |
||